000 00264 a2200109 4500
020 _a9789353946791
100 _aMichael Negnevitsky
245 _aArtificial intelligence: a guide to intelligent systems
250 _a3rd
260 _bPearson
_c2020
942 _cOO
999 _c116011
_d116010